| 000 | 01248cam a2200313 a 4500 | ||
|---|---|---|---|
| 001 | 15979507 | ||
| 003 | OSt | ||
| 005 | 20180117085949.0 | ||
| 008 | 091110s2010 caua b 001 0 eng | ||
| 010 | _a 2009047619 | ||
| 020 | _a9788132102359 (paper back) | ||
| 040 |
_aDLC _cDLC _dDLC |
||
| 043 | _aa-ii--- | ||
| 050 | 0 | 0 |
_aP92.I7 _bK64 2010 |
| 082 | 0 | 0 |
_a302.23 _222 |
| 082 | 0 | 0 |
_a302.23/0954 _222 |
| 100 | 1 | _aKohli, Vanita. | |
| 245 | 1 | 4 |
_aThe Indian media business / _cVanita Kohli-Khandekar. |
| 250 | _a3rd ed. | ||
| 260 |
_aThousand Oaks : _bResponse Books, _c2010. |
||
| 300 |
_axxvii, 373 p. : _bill. ; _c24 cm. |
||
| 504 | _aIncludes bibliographical references (p. [361]-367) and index. | ||
| 505 | 0 | _aPrint -- Television -- Film -- Music -- Radio -- Telecommunications -- Internet -- Out-of-home -- Events. | |
| 650 | 0 |
_aMass media _zIndia. |
|
| 906 |
_a7 _bcbc _corignew _d1 _eecip _f20 _gy-gencatlg |
||
| 942 |
_2ddc _cBK |
||
| 999 |
_c2805 _d2805 |
||